000 00568nam a2200181 i 4500
001 141874
003 ES-MaACL
005 20231207063032.0
007 t|
008 070928s1922 sp ||||1| spa d
100 1 _aViñas y Mey, Carmelo
_9115384
245 1 4 _aUna página para la historia del helenismo en España /
_cpor Carmelo Viñas y Mey.
260 _aMadrid :
_bImp. del Rev. de Archivos, Bibliotecas y Museos,
_c1922.
300 _a86 p. ;
_c23 cm.
650 1 4 _aHelenismo.
_913298
852 _aES-MaACL
_j1685-F-14
999 _c141874
_d141874